| 000 | 006420000a22001690004500 | ||
|---|---|---|---|
| 008 | 100902t xxu||||| |||| 00| 0 eng d | ||
| 082 | _a26875 | ||
| 090 |
_c26875 _d26875 |
||
| 100 |
_aNabukera, Lucy _946684 |
||
| 245 |
_aSelection process in contemporary organisations: an exploration of the role of culture : _bcase study Buganda Cultural and Development Foundation (BUCADEF) / _cNabukera,Lucy |
||
| 260 |
_aNkozi : _bUganda Martyrs University, _c2002 |
||
| 300 |
_aiv, 74 p. ; _c30 cm. |
||
| 500 | _aMaster of Business Administration and Management | ||
| 650 |
_aSelection _946685 |
||
| 650 |
_aculture _95405 |
||
| 942 |
_cMASTER DIS _2ddc |
||
| 999 |
_c26875 _d26875 |
||